000 00373nam a2200157Ia 4500
008 230524s9999 xx 000 0 und d
082 _a531.32
_bMAI
100 _aIain G.Main
245 0 _aVibration And Waves In Physics
250 _a3RD
260 _aNEW DELHI
_bCambridge
_c1993
300 _a359
500 _aQuantity Number: 2
650 _aPhysics
942 _cBK
999 _c26189
_d26189